| 000 | 00674nam a2200217Ia 4500 | ||
|---|---|---|---|
| 999 |
_c36111 _d36111 |
||
| 001 | 2011 | ||
| 003 | GE_BSU | ||
| 005 | 20221010165801.0 | ||
| 008 | 181216s2007ru xx |||||||||||||| ||rus|| | ||
| 040 | _cGE_BSU | ||
| 041 | _arus | ||
| 080 | _a339.543(075.8):34(075.8) Б-42 | ||
| 100 |
_aБекяшев,К.А. _915194 |
||
| 245 |
_aТаможенное право : _bУчебник / _cК.А. Бекяшев. |
||
| 250 | _a2-е изд. доп. и перераб | ||
| 264 |
_aМосква : _bПроспект, _c2007. |
||
| 300 | _a360 стр.: | ||
| 653 | _aТаможенное право | ||
| 653 | _aსაბაჟო სამართლი | ||
| 942 |
_cBK _2udc |
||